<?xml version='1.0' encoding='UTF-8'?>
  <record xmlns="http://www.loc.gov/MARC21/slim">
    <leader>00000cem a22000007i 4500</leader>
    <controlfield tag="001">on1007805133</controlfield>
    <controlfield tag="003">OCoLC</controlfield>
    <controlfield tag="005">20240127100239.6</controlfield>
    <controlfield tag="007">aj aa|||</controlfield>
    <controlfield tag="008">171027s1851    ne        a     0   dut d</controlfield>
    <datafield tag="040" ind1=" " ind2=" ">
      <subfield code="a">QGJ</subfield>
      <subfield code="b">eng</subfield>
      <subfield code="e">rda</subfield>
      <subfield code="e">dcrmc</subfield>
      <subfield code="c">QGJ</subfield>
      <subfield code="d">OCLCQ</subfield>
      <subfield code="d">QGJ</subfield>
      <subfield code="d">OCLCL</subfield>
    </datafield>
    <datafield tag="035" ind1=" " ind2=" ">
      <subfield code="a">(OCoLC)1007805133</subfield>
    </datafield>
    <datafield tag="245" ind1="0" ind2="0">
      <subfield code="a">Wereldkaart der Christelijke zendingsposten /</subfield>
      <subfield code="c">J.A. Groen del. ; A.J. Wendel grav.</subfield>
    </datafield>
    <datafield tag="255" ind1=" " ind2=" ">
      <subfield code="a">Scale not given.</subfield>
    </datafield>
    <datafield tag="264" ind1=" " ind2="1">
      <subfield code="a">[Place of publication not identified] :</subfield>
      <subfield code="b">Meerburg impr.,</subfield>
      <subfield code="c">[1851]</subfield>
    </datafield>
    <datafield tag="300" ind1=" " ind2=" ">
      <subfield code="a">1 map :</subfield>
      <subfield code="b">one color ;</subfield>
      <subfield code="c">43 x 56 cm, folded to 22 x 14 cm</subfield>
    </datafield>
    <datafield tag="336" ind1=" " ind2=" ">
      <subfield code="a">cartographic image</subfield>
      <subfield code="b">cri</subfield>
      <subfield code="2">rdacontent</subfield>
    </datafield>
    <datafield tag="337" ind1=" " ind2=" ">
      <subfield code="a">unmediated</subfield>
      <subfield code="b">n</subfield>
      <subfield code="2">rdamedia</subfield>
    </datafield>
    <datafield tag="338" ind1=" " ind2=" ">
      <subfield code="a">sheet</subfield>
      <subfield code="b">nb</subfield>
      <subfield code="2">rdacarrier</subfield>
    </datafield>
    <datafield tag="500" ind1=" " ind2=" ">
      <subfield code="a">The map shows the western and eastern hemispheres, as well as insets of the west coast of Africa, India (Hindostan-Thibet), and South-Africa.</subfield>
    </datafield>
    <datafield tag="505" ind1="0" ind2=" ">
      <subfield code="a">Westelijk halfrond -- Oostelijk halfrond -- Zuidwestkust van Afrika -- Voor Indië -- Zuid Afrika.</subfield>
    </datafield>
    <datafield tag="700" ind1="1" ind2=" ">
      <subfield code="a">Groen (A. J. Zn.), J. A.</subfield>
    </datafield>
    <datafield tag="700" ind1="1" ind2=" ">
      <subfield code="a">Gezelle Meerburg, George Frans,</subfield>
      <subfield code="d">1806-1855</subfield>
      <subfield code="0">(isni)0000000010841859</subfield>
    </datafield>
    <datafield tag="700" ind1="1" ind2=" ">
      <subfield code="a">Wendel, A. J.</subfield>
      <subfield code="q">(Abraham Jacobus),</subfield>
      <subfield code="d">1826-1915.</subfield>
      <subfield code="1">https://id.oclc.org/worldcat/entity/E39PBJjhCg6mkBcVJPpvchC84q</subfield>
    </datafield>
    <datafield tag="758" ind1=" " ind2=" ">
      <subfield code="i">has work:</subfield>
      <subfield code="a">Wereldkaart der Christelijke zendingsposten (CartographicMaterial)</subfield>
      <subfield code="1">https://id.oclc.org/worldcat/entity/E39PCFWpfFQBytXKQY63mmbbFq</subfield>
      <subfield code="4">https://id.oclc.org/worldcat/ontology/hasWork</subfield>
    </datafield>
    <datafield tag="773" ind1="0" ind2="8">
      <subfield code="i">Contained in (manifestation):</subfield>
      <subfield code="t">Handboek voor de vrienden der zendingszaak.</subfield>
      <subfield code="d">Leyden : Van der Hoek, 1851</subfield>
      <subfield code="w">(OCoLC)65084925</subfield>
    </datafield>
  </record>